000 01010nam a22002297a 4500
999 _c63827
_d63827
005 20240530110700.0
008 180109s2016 ua a | 000 0 ara d
017 _a2015
_bمصر. دار الكتب
020 _a978977652
040 _aEG-CaGPL
_cEG-CaGPL
082 0 4 _221
_a411.52 /
_bع ف
100 0 _aعبدالعاطى شلبى
245 1 0 _aفن الكتابة وقواعد الاملاء :
_bالقواعد الاملائية للمراحل المختلفة - التدريب الكتابى - معالجة الاخطاء الشائعة فى الكتابة /
_cعبدالعاطى شلبى
250 _aط. 1
260 _aالاسكندرية :
_bدار الكتب والدراسات العربية ،
_c2016.
300 _a195 ص. :
_bجداول ؛
_c24 سم.
650 0 7 _2qrmak
_aاللغة العربية
_xقواعد الاملاء والهجاء
650 0 7 _2qrmak
_aفقة اللغة العربية
651 _2qrmak
942 _2ddc
_cBK